| 000 | 00637nam a22001577a 4500 | ||
|---|---|---|---|
| 020 | _a967-9920-04-6 | ||
| 082 |
_a200 _bBUD/G |
||
| 100 | _aBUDDHIST MISSIONARY SOCIETY | ||
| 245 | _aGEMS OF BUDDHIST WISDOM | ||
| 250 | _aSECOND EDITION | ||
| 260 |
_aMALAYSIA _bBUDDHIST MISSIONARY SOCIETY _c1996 |
||
| 300 | _a519 | ||
| 520 | _aA Dhamma text full of articles written in a simple and concise manner. Covers general views of buddhism, the buddha and his teachings, buddhism and life, buddhist approach to problems, buddhist practices. "synopsis" may belong to another edition of this title. | ||
| 650 |
_aRELIGIOUS _zMALAYSIA |
||
| 942 | _cBK | ||
| 999 |
_c5094 _d5094 |
||